Statistiques concernant Villes les plus peuplées des Alpes-Maritimes

Cliquez ici pour prendre le quiz!

Statistiques générales

  • Ce quiz a été pris 76 fois
  • Le résultat moyen est 6 sur 10

Statistiques - réponses

HintRéponse% Correct
06000Nice
100%
06400Cannes
96%
06600Antibes
86%
06500Menton
73%
06800Grasse
69%
06800Cagnes-sur-mer
61%
06700Saint-Laurent-du-Var
44%
06210Mandelieu-La-Napoule
35%
06110Le Cannet
34%
06220Vallauris
28%

Distribution des résultats

Percentile par nombre de réponses

% des personnes avec chaque résultat

Votre développement - résultats

Vous n’avez pas pris ce quiz